| 000 | 01211nam a2200313 i 4500 | ||
|---|---|---|---|
| 001 | 67430 | ||
| 003 | ES-MaACL | ||
| 005 | 20250827062612.0 | ||
| 007 | t| | ||
| 008 | 040526s2003 sp ||||0| spa d | ||
| 020 | _a84-309-3883-4 | ||
| 040 |
_aM-BN _bspa _cM-BN |
||
| 080 | _a347.27(460)"19/20"(094.5) | ||
| 110 | 1 |
_aEspaña _93622 |
|
| 240 | 1 | 0 | _aLeyes, etc., hipotecarias |
| 245 | 1 | 0 |
_aLegislación hipotecaria concordada y comentada _b: con jurisprudencia y resoluciones de la Dirección General de los Registros y del Notariado / _c[compilada por] Fernando Morillo González, Francisco Echeverría Summers, José Carlos Erdozain López. |
| 260 |
_aMadrid : _bTecnos, _c[2003] |
||
| 300 |
_a1019 p. ; _c24 cm. |
||
| 490 | 1 | _aTextos legales comentados | |
| 500 | _aIndice. | ||
| 650 | 4 |
_aHipotecas- _zEspaña- _vLegislación. _913366 |
|
| 700 | 1 |
_aMorillo González, Fernando. _983559 |
|
| 700 | 1 |
_aEcheverría Summers, Francisco M. _946588 |
|
| 700 | 1 |
_aErdozain López, José Carlos. _947376 |
|
| 830 | 0 |
_aTextos legales comentados _9230897 |
|
| 852 |
_aES-MaACL _jA-15188 _9 69946 _cDEPO1 _dOlim: L 347.27(460)"2008" ESP _dOlim: Meseton |
||
| 942 | _2udc | ||
| 999 |
_c67430 _d67430 |
||